| 000 | | | 04376nmc2a2200000 x 450 |
| 001 | | | a8332ee4-8f2e-4ddb-9580-b8cecc120e9d |
| 005 | | | 20151215140645.0 |
| 100 | ## | $a | 20150821l18461846k l0rusy0189 ca |
| 101 | 0# | $a | rus |
| 102 | ## | $a | RU |
| 200 | 1# | $a | Дело о введении новых правил об испытании на медицинские звания и о прекращении присвоения звания штаб-лекаря |
| | $j | 12 апреля - 7 июня 1846 г. |
| 251 | ## | $c | Дело |
| 300 | ## | $a | Дело |
| 300 | ## | $a | Ориг. заголовок дела: Дело об удостоении некоторых лекарей в звании штаб-лекаря и вообще о дозволении окончить дела об испытаниях на разные медицинские, ветеринарные и фармацевтические степени, по прежним правилам. Тут же циркуляр о прекращении действия прежних правил об испытании на звание штаб-лекаря и прочее. 12 апреля 1846 г. - 7 июня 1846 г |
| 801 | #0 | $a | RU |
| | $b | РГИА |
| | $c | 20150821 |
| | $g | RCR |
| 801 | #1 | $a | RU |
| | $b | ГлавНИВЦ |
| | $c | 20150821 |
| | $2 | rusmarc |
| 801 | #2 | $a | RU |
| | $b | ПБ им. Б.Н. Ельцина |
| | $c | 20151215 |
| | $g | RCR |
| | $2 | rusmarc |
| 850 | ## | $a | РГИА |
| 852 | ## | $a | РГИА |
| | $e | Федеральное казенное учреждение "Российский государственный исторический архив" (РГИА) |
| | $j | 464 |
| 937 | ## | $h | РГИА |
| | $d | 12042162 |
| | $a | ASBIBLIO_SCAN |
| 462 | #0 | $1 | 00110dcdccd-ec79-4ee8-a204-b9d031b41c04 |
| | $1 | 2001 |
| | $a | Медицинские дела Департамента народного просвещения |
| | $1 | 251 |
| | $c | Опись |
| | $1 | 852 |
| | $j | 99 |
| 461 | #0 | $1 | 001a74412a3-3cc5-4d21-8f0a-dfe2fbd9e72d |
| | $1 | 2001 |
| | $a | Департамент народного просвещения Министерства народного просвещения |
| | $1 | 251 |
| | $c | Фонд |
| | $1 | 852 |
| | $j | 733 |
| 215 | ## | $a | 16 л. |
| | $d | 36,5х26 см |
| 371 | ## | $a | Документ не является опубликованным и широко распространяемым |
| 105 | ## | $a | y### |
| 122 | 2# | $a | d |
| 517 | 1# | $a | Дело об удостоении некоторых лекарей в звании штаб-лекаря и вообще о дозволении окончить дела об испытаниях на разные медицинские, ветеринарные и фармацевтические степени, по прежним правилам. Тут же циркуляр о прекращении действия прежних правил об испытании на звание штаб-лекаря и прочее. 12 апреля 1846 г. - 7 июня 1846 г |
| 035 | ## | $a | a8332ee4-8f2e-4ddb-9580-b8cecc120e9d |